Quiz sulla Champions League - Statistics

Statistiche generali
  • Questo quiz è stato fatto 119 volte
  • Il punteggio medio è 14 su 15
Statistiche sulle risposte
Domande Risposte % Corretto
Qual è la squadra che ha vinto più Champions League? Real Madrid
100%
Chi è l’allenatore con più Champions League vinte? Carlo Ancelotti
99%
Quale squadra ha perso più finali di Champions League? Juventus
99%
Quante Champions League ha vinto il Real Madrid? 15
98%
Quante squadre italiane hanno vinto la Champions League? 3
98%
Chi è il miglior marcatore della storia della Champions League? Cristiano Ronaldo
98%
Quale club italiano ha vinto più Champions League? Milan
98%
Chi ha vinto la Champions League 2024/2025? Paris Saint-Germain
98%
Quale squadra ha vinto la Champions League nel 2013 battendo il Borussia Dortmund per 2–1 Bayern Monaco
97%
Chi ha segnato la celebre rovesciata nella finale 2018 Real Madrid – Liverpool? Gareth Bale
94%
Quale squadra ha realizzato la storica rimonta da 0–3 a 4–0 contro il Barcellona nel 2019? Liverpool
94%
Chi ha segnato il gol decisivo della finale 2012 tra Chelsea e Bayern Monaco ai rigori? Didier Drogba
87%
Quale squadra ha vinto la Champions League 1999 con due gol segnati nei minuti di recupero della finale? Manchester United
87%
In che anno è nata la Coppa dei Campioni, antesignana della Champions League? 1955
86%
In che anno il torneo ha assunto ufficialmente il nome “UEFA Champions League”? 1992
86%
Nessun quiz corrispondente trovato
Distribuzione punteggi
Percentuale di utenti per punteggio
Percentile per numero di risposta
I tuoi punteggi nel tempo
Non hai fatto questo quiz